000 00485nam a2200181Ia 4500
001 8503
005 20260306160614.0
008 260306t2017||||xx |||||||||||||| ||spa||
041 _aESP
082 _a371.1
_bR22
100 _aRamírez Montoya, María Soledad
_eAUT
245 0 _aInnovación educativa:
_binvestigación, formación, vinculación y visibilidad
260 _c2017
300 _a272 páginas :
_c23 cm.
650 _aGEN
654 _aCED
942 _cLIB
_dJUS
_fJUS
_2ddc
_n
999 _c8503
_d8503